000
00354nam a2200145Ia 4500
008
231129s1983||||xx |||||||||||||| ||spa||
020
_a
968-13-1297-X
040
_b
spa
082
_a
U813 S559e
100
_a
Shobin David
245
0
_a
El no nacido
260
_c
1983
264
_a
Edivisión
942
_2
ddc
_c
BKS
999
_c
11875
_d
11875